| 000 | 01056cac a22003131u 4500 | ||
|---|---|---|---|
| 003 | EG-ScBUE | ||
| 005 | 20220404123913.0 | ||
| 008 | 081130s2000 nyuo f b 001 0beng d | ||
| 020 | _a0815410743 | ||
| 020 | _a9780815410744 | ||
| 040 |
_aEG-ScBUE _beng _erda _cEG-ScBUE _dEG-ScBUE |
||
| 082 | 0 | 4 |
_a895.635 _bSCO _222 |
| 100 | 1 |
_aScott-Stokes, Henry, _d1938- _eauthor. |
|
| 245 | 1 | 4 |
_aThe life and death of Yukio Mishima / _cHenry Scott Stokes. |
| 250 | _aFirst edition. | ||
| 264 | 1 |
_aNew York : _bCooper Square Press, _c2000. |
|
| 300 |
_aviii, 313 pages : _bphotographs ; _c23 cm |
||
| 336 |
_2rdacontent _atext _btxt |
||
| 337 |
_2rdamedia _aunmediated _bn |
||
| 338 |
_2rdacarrier _avolume _bnc |
||
| 504 | _aIncludes bibliographical references and index. | ||
| 600 | 1 | 7 |
_aMishima, Yukio, _d1925-1970. _2BUEsh _91363 |
| 650 | 7 |
_aAuthors, Japanese _y20th century _vBiography. _2BUEsh |
|
| 651 | _2BUEsh | ||
| 653 |
_bGGEN _cMarch2022 |
||
| 655 |
_vReading book _934232 |
||
| 942 |
_cBB _k895.635 SCO _2ddc |
||
| 999 |
_c9580 _d9580 |
||